The sun : (Record no. 2232)

MARC details
000 -LEADER
fixed length control field 00880nac a22002771i 4500
003 - CONTROL NUMBER IDENTIFIER
control field EG-ScBUE
005 - DATE AND TIME OF LATEST TRANSACTION
control field 20250109100046.0
008 - FIXED-LENGTH DATA ELEMENTS--GENERAL INFORMATION
fixed length control field 250109s2004 gw a f b 001 0 eng d
020 ## - INTERNATIONAL STANDARD BOOK NUMBER
International Standard Book Number 3540207414 (acid-free paper)
020 ## - INTERNATIONAL STANDARD BOOK NUMBER
International Standard Book Number 9783540207412
040 ## - CATALOGING SOURCE
Original cataloging agency EG-ScBUE
Language of cataloging eng
Description conventions rda
Transcribing agency EG-ScBUE
Modifying agency EG-ScBUE
082 04 - DEWEY DECIMAL CLASSIFICATION NUMBER
Classification number 523.7
Item number STI
Edition number 22
100 1# - MAIN ENTRY--PERSONAL NAME
Personal name Stix, Michael,
Relator term author.
245 14 - TITLE STATEMENT
Title The sun :
Remainder of title an introduction /
Statement of responsibility, etc Michael Stix.
250 ## - EDITION STATEMENT
Edition statement Second edition.
264 #1 - PUBLICATION, DISTRIBUTION, ETC. (IMPRINT)
Place of publication, distribution, etc Berlin ;
-- New York :
Name of publisher, distributor, etc Springer,
Date of publication, distribution, etc 2004.
300 ## - PHYSICAL DESCRIPTION
Extent xvi, 490 pages :
Other physical details illustrations (some color) ;
Dimensions 24 cm.
336 ## - CONTENT TYPE
Source rdacontent
Content type term text
Content type code txt
337 ## - MEDIA TYPE
Media type term unmediated
Source rdamedia
Media type code n
338 ## - CARRIER TYPE
Carrier type term volume
Carrier type code nc
Source rdacarrier
490 0# - SERIES STATEMENT
Series statement A&A library
504 ## - BIBLIOGRAPHY, ETC. NOTE
Bibliography, etc Includes bibliographical references and index.
651 #7 - SUBJECT ADDED ENTRY--GEOGRAPHIC NAME
Geographic name Sun.
Source of heading or term BUEsh
655 ## - INDEX TERM--GENRE/FORM
Form subdivision Reading book
942 ## - ADDED ENTRY ELEMENTS (KOHA)
Koha item type Book - Borrowing
Source of classification or shelving scheme Dewey Decimal Classification
Holdings
Withdrawn status Lost status Damaged status Not for loan Home library Current library Shelving location Date acquired Source of acquisition Total Checkouts Total Renewals Full call number Barcode Date last seen Date checked out Price effective from Koha item type
        Central Library Central Library First floor 07/02/2013 Purchase 2 1 523.7 STI 000002000 15/07/2025 03/06/2019 13/02/2007 Book - Borrowing